Library Banner

Khutbat-e-sirat = / (Record no. 109447)

MARC details
000 -LEADER
fixed length control field 00443nam a22001457a 4500
005 - DATE AND TIME OF LATEST TRANSACTION
control field 20181207101420.0
008 - FIXED-LENGTH DATA ELEMENTS--GENERAL INFORMATION
fixed length control field 181207b ||||| |||| 00| 0 eng d
040 ## - CATALOGING SOURCE
Transcribing agency PK-LaUMT
082 ## - DEWEY DECIMAL CLASSIFICATION NUMBER
Classification number 297.63
Item number SUL-K
100 ## - MAIN ENTRY--PERSONAL NAME
Personal name Suleman Nadvi, Syed =سلیمان ندوی، سید
245 ## - TITLE STATEMENT
Title Khutbat-e-sirat = /
Statement of responsibility, etc Syed Suleman Nadvi = سید سلیمان ندوی
260 ## - PUBLICATION, DISTRIBUTION, ETC. (IMPRINT)
Place of publication, distribution, etc Lahore :
Name of publisher, distributor, etc Gunj Shakar Press,
Date of publication, distribution, etc 2011
300 ## - PHYSICAL DESCRIPTION
Extent 164 p.
942 ## - ADDED ENTRY ELEMENTS (KOHA)
Koha item type Books
Holdings
Withdrawn status Lost status Damaged status Home library Current library Date acquired Full call number Barcode Date last seen Price effective from Koha item type
      UMT Main Campus UMT Main Campus 2018-12-07 297.63 SUL-K 124782 2023-05-26 2018-12-07 Books